000 00580nam a2200205Ia 4500
005 20250508150748.0
008 008 250505s9999 xx 000 0 eng d
037 _aTextual
040 _aFEDL
_beng
_cFEDL
041 _aeng
_2eng
084 _a150.195, LOR
_qFEDL
100 _aLorand Sandor
_9755888
245 0 _aTeachnique of psychoanalytic therapy
260 _aNew York, USA
_bInternational Universities Press
_c1946
300 _aviii,251p.
365 _aINR
_b22
650 _aPsychology
942 _cTEXL
_h150.195, LOR
999 _c1325512
_d1325512